000 00409nam a2200145Ia 4500
008 210210b1997 xxu||||| |||| 00| 0 eng d
020 _a0 521 49852 X
082 _a519.5 FRAS
100 _aFRANK (Harry) & ALTHOEN (Steven C).
245 _aStatistics: concepts & applications.
260 _aNY
_bUniversity of Cambridge
_c1997
300 _axxvi,853
690 _aMathematical Statistics
906 _a053421
999 _c101578
_d101578